Miasta w województwie opolskim - Statystyki

Ogólne statystyki
  • Ten quiz został rozwiązany 128 razy
    30 od ostatniego zresetowania
  • Średni wynik to 26 z 37
Statystyki odpowiedzi
Populacja Miasto % Poprawnych
126 300 Opole
100%
40 987 Nysa
96%
54 847 Kędzierzyn-Koźle
92%
22 070 Kluczbork
88%
33 599 Brzeg
85%
11 694 Głubczyce
85%
19 126 Prudnik
85%
17 069 Strzelce Opolskie
85%
6 396 Gogolin
81%
15 355 Krapkowice
81%
16 879 Namysłów
81%
12 745 Głuchołazy
77%
9 075 Olesno
77%
5 441 Głogówek
73%
5 462 Kietrz
73%
5 574 Lewin Brzeski
73%
6 207 Otmuchów
73%
10 211 Zdzieszowice
73%
2 261 Biała
69%
7 993 Ozimek
69%
6 699 Paczków
69%
3 377 Byczyna
65%
3 473 Dobrodzień
65%
5 878 Niemodlin
65%
2 646 Prószków
65%
1 798 Ujazd
65%
7 950 Grodków
62%
3 194 Kolonowskie
62%
2 425 Gorzów Śląski
58%
6 407 Zawadzkie
58%
7 126 Praszka
54%
5 332 Wołczyn
54%
2 826 Baborów
50%
1 689 Korfantów
50%
2 566 Leśnica
50%
1 539 Strzeleczki
46%
3 656 Tułowice
46%
Nie znaleziono quizów pasujących do podanych kryteriów
Rozkład punktacji
Procent ludzi z każdym wynikiem
Percentyl według liczby udzielonych odpowiedzi
Twoja historia wyników
Nie rozwiązałeś tego quizu od ostatniego zresetowania